Diversidade e estrutura genética de populações de Varronia curassavica Jacq. em restingas da Ilha de Santa Catarina (Registro n. 300224)
[ somente texto ]
| 000 -LÍDER | |
|---|---|
| fixed length control field | 04560nab a2200313 i 4500 |
| 003 - CÓDIGO MARC DA AGÊNCIA CATALOGADORA | |
| Campo de controle | BR-BrBNA |
| 005 - DATA E HORA DA ÚLTIMA ATUALIZAÇÃO | |
| Campo de controle | 20240625102315.0 |
| 008 - CAMPO DE TAMANHO FIXO | |
| fixed length control field | 240625b2015 bl.qr|pooa||| 00| 0 por | |
| 040 ## - FONTE DA CATALOGAÇÃO | |
| Agência catalogadora | BR-BrBNA |
| Idioma da catalogação | por |
| 072 ## - CATEGORIA AGRIS | |
| Código AGRIS | F30 |
| 072 ## - CATEGORIA AGRIS | |
| Código AGRIS | F40 |
| 100 ## - ENTRADA PRINCIPAL - NOME PESSOAL | |
| Nome pessoal | Hoeltgebaum, M.P. |
| 100 ## - ENTRADA PRINCIPAL - NOME PESSOAL | |
| Nome pessoal | Bernardi, A.P. |
| 100 ## - ENTRADA PRINCIPAL - NOME PESSOAL | |
| Nome pessoal | Montagna, T. |
| 100 ## - ENTRADA PRINCIPAL - NOME PESSOAL | |
| Nome pessoal | Reis, M.S. |
| 245 ## - TÍTULO PRINCIPAL | |
| Título principal | Diversidade e estrutura genética de populações de Varronia curassavica Jacq. em restingas da Ilha de Santa Catarina |
| 500 ## - NOTA GERAL | |
| Nota geral | Publicação on-line; 49 ref.; 3 tables; 1 illus.; Summaries (En, Pt) |
| 942 ## - ADDED ENTRY ELEMENTS (KOHA) | |
| Koha item type | |
| 520 ## - NOTA DE RESUMO | |
| Nota de conteúdo | <br/><br/>RESUMO: <br/><br/>Varronia curassavica Jacq. (Boraginaceae) está presente na vegetação de restinga<br/>e apresenta relevantes propriedades medicinais. A espécie é explorada especialmente por<br/>comunidades locais e pela indústria farmacêutica, porém, carece de informações ecológicas e<br/>genéticas a seu respeito. Nesse contexto, o estudo foi conduzido com o objetivo de caracterizar<br/>a diversidade genética de três populações de V. curassavica em áreas de restinga na Ilha de<br/>Santa Catarina. Foram coletadas folhas de 50 indivíduos adultos em cada uma das três áreas de<br/>estudo e as frequências alélicas das populações foram obtidas a partir de 14 locos alozímicos.<br/>Foram encontrados 25 alelos distintos nas três populações, sendo dois alelos exclusivos. As<br/>populações apresentaram diversidade genética média de 0,111 e índice de fixação médio de<br/>-0,060 (-0,273 até 0,222). Os níveis de diversidade são intermediários, semelhantes aos exibidos<br/>por espécies da mesma família ou de características ecológicas semelhantes. Os índices de<br/>fixação foram todos significativos e discrepantes entre as populações, sendo que duas delas<br/>apresentaram excesso de heterozigotos. A divergência genética interpopulacional foi significativa<br/>e igual a 0,079, considerada moderada e sugerindo efeitos de subdivisão populacional. Os<br/>níveis de diversidade genética encontrados e a redução populacional causada pela redução e<br/>fragmentação dos habitats em que a espécie ocorre sugerem medidas de conservação ex situ<br/>e demandam maior rigor na proteção legal de áreas de proteção permanente.<br/><br/>Palavras-chave: conservação, erva-baleeira, espécie medicinal, tamanho efetivo. |
| 520 ## - NOTA DE RESUMO | |
| Nota de conteúdo | <br/><br/>ABSTRACT: <br/><br/>Genetic diversity and structure of Varronia curassavica Jacq. populations<br/>in the restinga of Santa Catarina Island. The Varronia curassavica Jacq. (Boraginaceae) is<br/>present in restinga vegetation and shows relevant medicinal properties. The species is exploited<br/>by local communities and by the pharmaceutical industry; however, it lacks ecological and genetic<br/>information. Thus, this study aimed to characterize the genetic diversity of three V. curassavica<br/>populations in restinga areas of Santa Catarina Island. Leaves of 50 adult individuals were<br/>sampled in each of the three study areas and the allelic frequencies were obtained from 14<br/>allozyme loci. Twenty-five different alleles were found in the three populations, two of them being<br/>exclusive. The populations showed, on average, a genetic diversity of 0,111 and a fixation index<br/>of -0,060 (-0,273 to 0,222). The diversity levels are intermediary, similar to those ones owned by<br/>species of the same family or with similar ecological traits. The fixation indexes were all significant<br/>and discrepant among the populations, with two of them showing excess of heterozygotes. The<br/>genetic divergence among populations was significant and equal to 0,079, which is considered<br/>moderate and suggests effects of population subdivision. The levels of genetic diversity found<br/>and the population decrease caused by reduction and fragmentation of habitats in which the<br/>species are present implies in ex situ conservation measures and a higher enforcement of the<br/>legal preservation of permanent protected areas.<br/><br/>Keywords: conservation, effective size, “erva-baleeira”, medicinal species. |
| 650 ## - ASSUNTO - THESAGRO | |
| Cabeçalho tópico ou nome geográfico | CONSERVAÇÃO |
| 650 ## - ASSUNTO - THESAGRO | |
| Cabeçalho tópico ou nome geográfico | PLANTA MEDICINAL |
| 650 ## - ASSUNTO - THESAGRO | |
| Cabeçalho tópico ou nome geográfico | TAMANHO |
| 650 ## - ASSUNTO - THESAGRO | |
| Cabeçalho tópico ou nome geográfico | DIVERSIDADE GENÉTICA |
| 650 ## - ASSUNTO - THESAGRO | |
| Cabeçalho tópico ou nome geográfico | BORAGINACEAE |
| 773 0# - ENTRADA ANALÍTICA | |
| Host Biblionumber | 3543 |
| Registro do item | 316142 |
| Imprenta | Botucatu-SP Instituto de Biociências - Departamento de Química e Bioquímica 1998 |
| Outro identificador | 2024-2525 |
| Título | Revista Brasileira de Plantas Medicinais (Brazil) |
| ISSN | 1516-0572 |
| Colação | v. 17(4 suppl. 3) p. 1083-1090; (2015) |
| Número de controle de registro | BR2024001442 |
| 856 ## - ACESSO E ENDEREÇO ELETRÔNICO | |
| Identificador uniforme de recurso - URI | https://www.scielo.br/j/rbpm/a/7nxtqcpHBVbkpsNzkdbzWcc/?format=pdf&lang=pt |
Nenhum exemplar disponível.

BINAGRI